1 City, 1 Country - Statistics

General Stats
  • This quiz has been taken 28 times
  • The average score is 69 of 193
Answer Stats
Continent City Country % Correct
Europe Hamburg Germany
100%
Europe Milan Italy
100%
Europe Saint Petersburg Russia
100%
Europe Barcelona Spain
100%
Europe Geneva Switzerland
100%
Europe Birmingham United Kingdom
100%
Europe Antwerp Belgium
95%
Europe Marseille France
95%
Europe Cork Ireland
95%
Europe Rotterdam Netherlands
95%
Europe Porto Portugal
95%
Europe Donetsk Ukraine
95%
Asia Tel-Aviv Israel
90%
Asia Osaka Japan
90%
Europe Bergen Norway
90%
Europe Krakow Poland
90%
Americas Rio de Janeiro Brazil
86%
Americas Montreal Canada
86%
Asia Guangzhou China
86%
Europe Thessaloniki Greece
86%
Asia Mumbai India
86%
Asia Lahore Pakistan
86%
Asia Jeddah Saudi Arabia
86%
Europe Gothenburg Sweden
86%
Oceania Melbourne Australia
81%
Europe Split Croatia
81%
Asia Hanoi Vietnam
81%
Americas Belize City Belize
76%
Americas Santiago de Cuba Cuba
76%
Europe Brno Czech Republic
76%
Africa Alexandria Egypt
76%
Oceania Wellington New Zealand
76%
Americas Los Angeles United States
76%
Europe Graz Austria
71%
Americas Medellin Colombia
71%
Europe Aarhus Denmark
67%
Asia Basra Iraq
67%
Europe Esch-sur-Alzette Luxembourg
67%
Americas Monterrey Mexico
67%
Africa Fez Morocco
67%
Asia Aleppo Syria
67%
Asia Izmir Turkey
67%
Asia Turkmenabat Turkmenistan
67%
Asia Aden Yemen
67%
Asia Kandahar Afghanistan
62%
Asia Chittagong Bangladesh
62%
Asia Mandalay Myanmar
62%
Asia Busan South Korea
62%
Europe Tampere Finland
57%
Asia Tripoli Lebanon
57%
Europe Kaunas Lithuania
57%
Europe Durrës Albania
52%
Europe Gomel Belarus
52%
Europe Plovdiv Bulgaria
52%
Asia Siam Reap Cambodia
52%
Europe Debrecen Hungary
52%
Africa Mombasa Kenya
52%
Europe Tiraspol Moldova
52%
Europe Cluj-Napoca Romania
52%
Europe Novi Sad Serbia
52%
Americas Maracaibo Venezuela
52%
Americas Cordoba Argentina
48%
Asia Surabaya Indonesia
48%
Asia Mashhad Iran
48%
Europe Daugavpils Latvia
48%
Asia Davao City Philippines
48%
Europe Banja Luka Bosnia and Herzegovina
43%
Asia Limassol Cyprus
43%
Europe Tartu Estonia
43%
Africa Benghazi Libya
43%
Africa Kano Nigeria
43%
Europe Borgo Maggiore San Marino
43%
Europe Maribor Slovenia
43%
Africa Oran Algeria
38%
Europe Escaldes-Engordany Andorra
38%
Africa Cotonou Benin
38%
Europe Kopavogur Iceland
38%
Europe Prizren Kosovo
38%
Asia George Town Malaysia
38%
Europe La Condamine Monaco
38%
Europe Kosice Slovakia
38%
Africa Sfax Tunisia
38%
Asia Samarkand Uzbekistan
38%
Asia Shymkent Kazakhstan
33%
Europe Triesen Liechtenstein
33%
Europe Bitola Macedonia
33%
Europe Birkirkara Malta
33%
Asia Hamhung North Korea
33%
Oceania Lae Papua New Guinea
33%
Americas Arequipa Peru
33%
Africa Soweto South Africa
33%
Asia Sharjah United Arab Emirates
33%
Americas Santa Cruz de la Sierra Bolivia
29%
Asia Kuala Belait Brunei
29%
Asia Batumi Georgia
29%
Asia Al Jahra Kuwait
29%
Europe Niksic Montenegro
29%
Asia Taichung Taiwan
29%
Africa Lubumbashi Democratic Republic of the Congo
24%
Oceania Lautoka Fiji
24%
Africa Kumasi Ghana
24%
Americas Quetzaltenango Guatemala
24%
Asia Osh Kyrgyzstan
24%
Asia Erdenet Mongolia
24%
Oceania Airai Palau
24%
Oceania Vaitele Samoa
24%
Oceania Gizo Solomon Islands
24%
Asia Nonthaburi Thailand
24%
Oceania Luganville Vanuatu
24%
Asia Ganja Azerbaijan
19%
Americas Freeport Bahamas
19%
Asia Phuntscholing Bhutan
19%
Americas San Pedro Sula Honduras
19%
Asia Zarqa Jordan
19%
Oceania Bairiki Kiribati
19%
Asia Pakse Laos
19%
Oceania Ebaye Marshall Islands
19%
Oceania Denigomudu Nauru
19%
Asia Pokhara Nepal
19%
Asia Al Rayyan Qatar
19%
Asia Khujand Tajikistan
19%
Oceania Neiafu Tonga
19%
Asia Riffa Bahrain
14%
Americas Alajuela Costa Rica
14%
Asia Fuvahmulah Maldives
14%
Oceania Tofol Micronesia
14%
Americas Leon Nicaragua
14%
Asia Seeb Oman
14%
Americas San Miguelito District Panama
14%
Americas Ciudad del Este Paraguay
14%
Americas Gros Islet Saint Lucia
14%
Africa Hargeisa Somalia
14%
Asia Dehiwala-Mount Lavinia Sri Lanka
14%
Oceania Asau Tuvalu
14%
Americas Salto Uruguay
14%
Africa Bulawayo Zimbabwe
14%
Americas All Saints Antigua and Barbuda
10%
Americas Speightstown Barbados
10%
Africa Bafoussam Cameroon
10%
Africa Ali-Sabieh Djibouti
10%
Americas Portsmouth Dominica
10%
Americas Santiago de los Caballeros Dominican Republic
10%
Asia Dare East Timor
10%
Americas Santa Ana El Salvador
10%
Africa Dire Dawa Ethiopia
10%
Americas Gouyave Grenada
10%
Americas Gonaïves Haiti
10%
Americas Spanish Town Jamaica
10%
Africa Blantyre Malawi
10%
Americas Georgetown Saint Vincent and the Grenadines
10%
Americas Lelydorp Suriname
10%
Africa Sokode Togo
10%
Africa Bobo-Dioulasso Burkina Faso
5%
Africa Bimbo Central African Republic
5%
Americas Puente Alto Chile
5%
Africa Bouake Cote d'Ivoire
5%
Americas Cuenca Ecuador
5%
Africa Big Bend Eswatini
5%
Americas Linden Guyana
5%
Africa Beau Bassin-Rose Hill Mauritius
5%
Africa Matola Mozambique
5%
Africa Pointe-Noire Republic of the Congo
5%
Americas Charlestown Saint Kitts and Nevis
5%
Africa Touba Senegal
5%
Africa Anse Boileau Seychelles
5%
Africa Bo Sierra Leone
5%
Africa Yei South Sudan
5%
Africa Nyala Sudan
5%
Africa Mwanza Tanzania
5%
Americas San Fernando Trinidad and Tobago
5%
Africa Lubango Angola
0%
Africa Francistown Botswana
0%
Africa Muyinga Burundi
0%
Africa Mindelo Cape Verde
0%
Africa Moundou Chad
0%
Africa Mutsamudu Comoros
0%
Africa Ebebiyin Equatorial Guinea
0%
Africa Keren Eritrea
0%
Africa Port-Gentil Gabon
0%
Africa Brikama Gambia
0%
Africa Nzerekore Guinea
0%
Africa Gabu Guinea-Bissau
0%
Africa Teyateyaneng Lesotho
0%
Africa Ganta Liberia
0%
Africa Toamasina Madagascar
0%
Africa Sikasso Mali
0%
Africa Nouadhibou Mauritania
0%
Africa Rundu Namibia
0%
Africa Zinder Niger
0%
Africa Butare Rwanda
0%
Africa Santo Antonio Sao Tome and Principe
0%
Africa Nansana Uganda
0%
Africa Kitwe Zambia
0%
No matching quizzes found
Score Distribution
Percent of People with Each Score
Percentile by Number Answered
Your Score History
You have not taken this quiz